| 000 | 00558cam a2200205 4500 | ||
|---|---|---|---|
| 001 | ABS61131 | ||
| 008 | 000000n1999 000 0 eng u | ||
| 035 | _a(Sirsi) u101696 | ||
| 100 | _aBenyon, L. | ||
| 245 | _aGrand central. | ||
| 260 | _c1999 | ||
| 490 |
_aProperty Week _v64(31) 6 August 1999, 30-32(3) |
||
| 520 | _aProvides an overview of the property market in Poland, Hungary and the Czech Republic. | ||
| 650 | _aPOLAND | ||
| 650 | _aHUNGARY | ||
| 650 | _aCZECH REPUBLIC | ||
| 690 | _aOVERSEAS-EUROPE | ||
| 700 | _aEade, C. | ||
| 942 | _n0 | ||
| 999 |
_c60821 _d60821 |
||